Informačné pramene
Enregistré dans:
| Auteur principal: | |
|---|---|
| Format: | Livre |
| Langue: | slovaque |
| Publié: |
Bratislava
Slovenská technická knižnica
1988
|
| Édition: | 3. preprac. a dopln. vyd. |
| Tags: |
Pas de tags, Soyez le premier à ajouter un tag!
|
MARC
| LEADER | 00000nam a2200000 4500 | ||
|---|---|---|---|
| 001 | c040236 | ||
| 005 | 20221219093457.5 | ||
| 041 | 0 | |a slo | |
| 044 | |a SK | ||
| 245 | 1 | 0 | |a Informačné pramene |c Marta Nováková |
| 250 | |a 3. preprac. a dopln. vyd. | ||
| 264 | 1 | |a Bratislava |b Slovenská technická knižnica |c 1988 | |
| 300 | |a 107 s. | ||
| 100 | 1 | |a Nováková, Marta | |